| 000 | nam a22 a 4500 | ||
|---|---|---|---|
| 999 |
_c4372 _d4372 |
||
| 003 | AKMAL | ||
| 005 | 20170529112035.0 | ||
| 008 | 170529t2007 my a e i 001 0 eng d | ||
| 020 |
_a0821367250 (pbk.) : _cRM140.00 |
||
| 040 | _aAKMAL | ||
| 082 | 0 | 0 |
_a364.1323 COM _222 |
| 090 | 0 | 0 |
_a364.1323 _bCOM |
| 245 | 0 | 4 |
_aThe many faces of corruption : _btracking vulnerabilities at the sector level / _cedited by J. Edgardo Campos, Sanjay Pradhan |
| 260 |
_aWashington, D.C. : _bWorld Bank, _cc2007 |
||
| 300 |
_axxxi, 447p. : _bill. ; _c26cm. |
||
| 504 | _aIncludes bibliographical references and index | ||
| 650 | 1 | 0 |
_aCorruption _98521 |
| 650 | 2 | 0 |
_aEconomic development _xMoral and ethical aspects _98522 |
| 651 | 0 |
_aDeveloping countries _xEconomic policy _xMoral and ethical aspects _98523 |
|
| 700 | 1 |
_aCampos, J. Edgardo _98524 |
|
| 700 | 1 |
_aPradhan, Sanjay _98525 |
|
| 942 |
_2ddc _cBOOK |
||
| 950 | _lAKMAL | ||